Groupes de K-pop de A à Z - Statistiques

Statistiques générales
  • Ce quiz a été pris 204 fois
  • Le résultat moyen est 11 sur 24
Statistiques - réponses
Lettre Indice Groupe % Correct
B Le nom de ce groupe est composé de deux couleurs. BLACKPINK
98%
N Ce groupe possède plusieurs sous-unités : U, 127, Dream, WayV et Wish. NCT
76%
F Leur single Cupid est devenu viral sur les réseaux sociaux. FIFTY FIFTY
69%
M Ce quatuor féminin a pour nom de fandom Moomoo et un lightstick en forme de radis. MAMAMOO
68%
I Ce groupe débute en 2019 avec le single Dalla Dalla. ITZY
67%
E Ce groupe de la SM a un logo en forme d'hexagone dont le style change à chaque sortie d'album. EXO
65%
T C'est l'un des groupes les plus populaires de JYP Entertainement - et de l'industrie de la K-pop en général. TWICE
65%
Z Son nom s'abrège en ZB1. ZEROBASEONE
58%
R Ce célèbre groupe féminin de la SM est composé originellement de 4 membres. Il en accueille une cinquième moins d'un an après ses débuts. Red Velvet
51%
L Yves et Chuu font partie de ce groupe actuellement en hiatus pour une durée indéterminée. LOONA
45%
A Les membres de ce duo sont frère et sœur. AKMU
42%
G Leur premier single intitulé Into the New World est l'un de leur plus grand succès. Girls' Generation
42%
P Le rappeur Dawn a quitté ce groupe en 2018. PENTAGON
41%
D D'abord appelé Minx et connaissant peu de succès, l'entreprise qui s'occupe de ce groupe féminin décide de changer totalement de concept en adoptant une musique rock et des couleurs beaucoup plus sombres. Dreamcatcher
40%
S Les fans de ce groupe sont les Shawols. SHINee
37%
V Ce trio est composé d'anciennes membres de GFriend. VIVIZ
35%
H Ce groupe masculin de la SM formé en 1996 est l'un des tous premiers groupes d'idols. En 2022, NCT Dream sort une reprise de leur premier single, Candy. H.O.T
31%
O Cette sous-unité d'After School sort en 2014 la chanson Catallena dont le clip met en scène ses membres en tant que sirènes dans des barquettes en plastique. Orange Caramel
31%
K Ce groupe féminin virtuel est composé de personnages du jeu League of Legends. K/DA
30%
X Chaque membre de ce groupe de rock de JYP Entertainement joue d'un instrument. Xdinary Heroes
28%
W Avant de rejoindre 4Minute, Hyuna faisait partie de ce groupe pendant moins de 6 mois. Sunmi en était également membre et était bassiste. Wonder Girls
25%
C Ce groupe féminin connaît un grand succès avec sa chanson Bar Bar Bar. Crayon Pop
21%
Q Chaque membre de ce quatuor féminin joue d'un instrument. Le nom du groupe vient d'une disposition de touches de clavier utilisée pour jouer aux jeux vidéo. QWER
19%
Y Ce groupe féminin a débuté en 2023 avec le single MACARONI CHEESE. YOUNG POSSE
17%
Aucun quiz correspondant
Distribution des résultats
% des personnes avec chaque résultat
Percentile par nombre de réponses
Votre historique - résultats
Vous n’avez pas pris ce quiz